[Event "Skopje ol (Men) fin-B"]
[Site "Skopje"]
[Date "1972.??.??"]
[Round "8"]
[White "Rodriguez, Ruben"]
[Black "Vranesic, Zvonko"]
[Result "1/2-1/2"]
[WhiteElo "2400"]
[BlackElo "2425"]

1.e4 c5 2.Nf3 e6 3.d4 cxd4 4.Nxd4 Nc6 5.Nc3 a6 6.Be3 Qc7 7.f4 Nxd4 8.Qxd4 Ne7
9.a3 Nc6 10.Qb6 Qxb6 11.Bxb6 Bd6 12.g3 Bb8 13.O-O-O d6 14.Bc4 Bd7 15.Rd2 Ne7
16.a4 O-O 17.a5 Nc8 18.Bc5 dxc5 19.Rxd7 b5 20.Be2 Ra7 21.Rhd1 c4 22.e5 Bc7
23.Ne4 Bxa5 24.Rxa7 Nxa7 25.Rd6 Rb8 26.Rxa6 Bb6 27.c3 Kf8 28.Kc2 Ke7 29.Ra1 f6
30.exf6+ gxf6 31.b3 cxb3+ 32.Kxb3 Be3 33.Ra6 h6 34.f5 Bb6 35.g4 exf5 36.gxf5 Nc8
37.Kb4 Nd6 38.Nxd6 Kxd6 39.Kxb5 Kc7 40.Bf3 Bg1+ 41.Kc4 Rb6 42.Ra2 Kd6 43.Re2 Kd7
44.h3 Ra6 45.Bd5 Rb6 46.h4 Rb8 47.Kd3 Bc5 48.Re6 Rb6 49.Kc4 Bf2 50.Re2 Bg1
51.Be6+ Kd6 52.Rd2+ Ke5 53.Rg2 Be3 54.Re2 Kf4 55.Bd5 Rb1 56.Bf7 Rb7 57.Be6 Rb1
58.h5 Kf3 59.Ra2 Rc1 60.Bf7 Bf4 61.Kb3 Kg4 62.Bg6 Rb1+ 63.Kc2 Rc1+ 64.Kb2 Re1
65.Ra4 Re7 66.c4 Rc7 67.Kb3 Kf3 68.Ra5 Ke4 69.Rb5 Be5 70.Kb4 Rc8 71.c5 Kd4
72.Bh7  1/2-1/2

[Event "Skopje ol (Men) fin-B"]
[Site "Skopje"]
[Date "1972.??.??"]
[Round "9"]
[White "Friedman, Josef"]
[Black "Verstraeten, Roland"]
[Result "1-0"]
[WhiteElo "2200"]
[BlackElo "2200"]

1.e4 c5 2.Nf3 e6 3.d4 cxd4 4.Nxd4 Nc6 5.Nc3 Qc7 6.g3 a6 7.Bg2 Nge7 8.Nb3 d6
9.O-O b5 10.f4 Ng6 11.Qh5 b4 12.Ne2 Qb6+ 13.Kh1 Be7 14.Qf3 O-O 15.Be3 Qc7
16.Qf2 Rb8 17.Rac1 Na5 18.c4 Nxb3 19.axb3 Bb7 20.Nd4 Bf6 21.Rfd1 Qe7 22.Rd2 Rfd8
23.Ne2 Nf8 24.Rcd1 Qe8 25.Rxd6 Bxb2 26.e5 Bxg2+ 27.Qxg2 f6 28.Bd4 Bxd4 29.Nxd4 fxe5
30.fxe5 Qh5 31.Qe2 Qe8 32.Qe4 Rxd6 33.exd6 e5 34.Nc6 Rc8 35.Ne7+  1-0

[Event "Skopje ol (Men) fin-A"]
[Site "Skopje"]
[Date "1972.??.??"]
[Round "9"]
[White "Olsson, Ake"]
[Black "Liebert, Heinz"]
[Result "0-1"]
[WhiteElo "2380"]
[BlackElo "2400"]

1.e4 c5 2.Nf3 Nc6 3.d4 cxd4 4.Nxd4 e6 5.Nc3 a6 6.Be3 Qc7 7.Bd3 Nf6 8.O-O Ne5
9.h3 Bc5 10.Qe2 d6 11.f4 Ng6 12.Nb3 Bxe3+ 13.Qxe3 O-O 14.a4 b6 15.Rae1 Bb7
16.f5 exf5 17.Rxf5 Rae8 18.Qg3 Re5 19.Nd2 Rfe8 20.Ref1 Rxf5 21.Rxf5 Re5 22.Rf1 Nh5
23.Qf2 Nhf4 24.Qe3 d5 25.Nf3 Re8 26.e5 Qc5 27.Qd4 Nxd3 28.cxd3 Nxe5 29.Qxc5 bxc5
30.Nxe5 Rxe5 31.Rc1 d4 32.Ne4 Bxe4 33.dxe4 f6 34.a5 Kf7 35.Kf2 Ke6 36.g4 Kd6
37.Kf3 Re7 38.b4 cxb4 39.Rc4 Rb7 40.Rxd4+ Kc5 41.Rd5+ Kc4  0-1

[Event "Skopje ol (Men) fin-C"]
[Site "Skopje"]
[Date "1972.??.??"]
[Round "10"]
[White "Hamilton, Douglas G"]
[Black "Gonda, Gentaro"]
[Result "1-0"]
[WhiteElo "2280"]
[BlackElo "2200"]

1.e4 c5 2.Nf3 e6 3.d4 cxd4 4.Nxd4 Nc6 5.Nc3 Qc7 6.Be2 a6 7.f4 d6 8.Be3 Nf6
9.O-O Be7 10.Nb3 O-O 11.g4 Rd8 12.g5 Ne8 13.Bd3 b5 14.Qf3 Bb7 15.Qh3 Nb4
16.f5 exf5 17.exf5 Qd7 18.Qg3 Nxd3 19.cxd3 d5 20.Nd4 Qd6 21.Bf4 Qb6 22.Ne2 Rac8
23.f6 Bd6 24.Rf2 Rc7 25.Re1 Bc8 26.Be5 Bxe5 27.Qxe5 Qd6 28.Nc3 Kf8 29.Qxd6+ Rxd6
30.Rfe2 Rd8 31.Rxe8+  1-0

[Event "Skopje ol (Men) fin-C"]
[Site "Skopje"]
[Date "1972.??.??"]
[Round "11"]
[White "Gonzales, Eliseo"]
[Black "Hay, Trevor"]
[Result "0-1"]
[WhiteElo "2200"]
[BlackElo "2200"]

1.e4 c5 2.Nf3 e6 3.d4 cxd4 4.Nxd4 Nc6 5.Nc3 a6 6.g3 Nge7 7.Bg2 Nxd4 8.Qxd4 Nc6
9.Qd2 Bb4 10.b3 O-O 11.Bb2 d5 12.a3 Ba5 13.b4 Bb6 14.exd5 Ne5 15.Qf4 exd5
16.Nxd5 Ng6 17.Qd2 Re8+ 18.Ne3 Qg5 19.O-O Rxe3 20.Bc1 Qe5 21.fxe3 Qxa1 22.Qd6 Ba7
23.Qd8+ Nf8 24.Bd5 Bxe3+ 25.Kh1 Be6 26.Qd6 Bxc1 27.Bxe6 Nxe6 28.Qd7 Rf8 29.Qxb7 Qxa3
30.c4 Bd2  0-1

[Event "Skopje ol (Men) fin-A"]
[Site "Skopje"]
[Date "1972.??.??"]
[Round "11"]
[White "Olsson, Ake"]
[Black "Hartoch, Robert G"]
[Result "1-0"]
[WhiteElo "2380"]
[BlackElo "2430"]

1.e4 c5 2.Nf3 e6 3.Nc3 Nc6 4.d4 cxd4 5.Nxd4 a6 6.Be3 Qc7 7.Bd3 Nf6 8.Qe2 Bb4
9.O-O Bxc3 10.bxc3 Ne5 11.h3 O-O 12.f4 Nxd3 13.cxd3 d6 14.c4 e5 15.Nc2 b5
16.cxb5 axb5 17.Nb4 exf4 18.Rxf4 Be6 19.Rc1 Qa5 20.Nc6 Qxa2 21.Rc2 Qa4 22.Ne7+ Kh8
23.Rxf6 gxf6 24.Qf2 f5 25.Rc7 f4 26.Bd4+ f6 27.Ng6+ Kg8 28.Nxf4 Qd1+ 29.Kh2 Ra2
30.Qh4 Rf7 31.Rxf7 Bxf7 32.Qxf6  1-0

[Event "Skopje ol (Men) fin-C"]
[Site "Skopje"]
[Date "1972.??.??"]
[Round "12"]
[White "Gonzales, Eliseo"]
[Black "Gonda, Gentaro"]
[Result "1-0"]
[WhiteElo "2200"]
[BlackElo "2200"]

1.e4 c5 2.Nf3 e6 3.d4 cxd4 4.Nxd4 Nc6 5.Nc3 Qc7 6.g3 a6 7.Bg2 Nf6 8.O-O Nxd4
9.Qxd4 Bc5 10.Bf4 d6 11.Qd2 h6 12.Rad1 e5 13.Be3 Be6 14.Bxc5 dxc5 15.Nd5 Qc6
16.Nxf6+ gxf6 17.f4 Ke7 18.fxe5 fxe5 19.b3 f6 20.Qf2 Raf8 21.Rd2 b6 22.Rfd1 Qc7
23.Qf1 c4 24.Bh3 Bxh3 25.Qxh3 Rd8 26.Qg4 Rhg8 27.Qf5 Rxd2 28.Qh7+ Ke6 29.Qxg8+  1-0

[Event "Skopje ol (Men) fin-A"]
[Site "Skopje"]
[Date "1972.??.??"]
[Round "12"]
[White "Jansa, Vlastimil"]
[Black "Filipowicz, Andrzej"]
[Result "1-0"]
[WhiteElo "2480"]
[BlackElo "2405"]

1.e4 c5 2.Nf3 e6 3.d4 cxd4 4.Nxd4 Nc6 5.Nc3 d6 6.Be3 a6 7.Bd3 Nf6 8.O-O Bd7
9.Nb3 b5 10.f4 b4 11.Nb1 e5 12.f5 d5 13.N1d2 Be7 14.Qf3 dxe4 15.Nxe4 O-O
16.Rad1 Qc7 17.Nxf6+ Bxf6 18.Be4 Rac8 19.Rd5 Nd4 20.Nxd4 exd4 21.Bf4 Qa7
22.Rd6 Bb5 23.Bd3 Rfe8 24.Rxf6 gxf6 25.Bxb5 axb5 26.Bh6 Kh8 27.Qg3 Rg8 28.Qd6 d3+
29.Kh1 Rg4 30.Qxf6+ Kg8 31.Rf4 Rxg2 32.Kxg2 Rxc2+ 33.Kf1 Rc1+ 34.Kg2 Rc2+
35.Kf3 Qf2+ 36.Ke4 Qe2+ 37.Kd5 Qg2+ 38.Re4 Rc8 39.Qg5+ Qxg5 40.Bxg5 h6 41.Bxh6 d2
42.Rg4+ Kh7 43.Bxd2 Rd8+ 44.Ke5 Rxd2 45.Rxb4  1-0

[Event "Skopje ol (Men) fin-C"]
[Site "Skopje"]
[Date "1972.??.??"]
[Round "12"]
[White "Alvarez, Franklin"]
[Black "Nakamori"]
[Result "1/2-1/2"]
[WhiteElo "2200"]
[BlackElo "2200"]

1.e4 c5 2.Nf3 e6 3.d4 cxd4 4.Nxd4 Nc6 5.Nc3 Qc7 6.Ndb5 Qb8 7.f4 a5 8.Nd4 b5
9.Be3 Bb7 10.Be2 d6 11.O-O Nf6 12.Bf3 Be7 13.e5 Nd5 14.Nxd5 Nxd4 15.Bxd4 Bxd5
16.Bxd5 exd5 17.exd6 Qxd6 18.Bxg7 Rg8 19.Bd4 f5 20.Qe2 O-O-O 21.a4 b4 22.c4 dxc4
23.Qxc4+ Kb7 24.Rad1 Qc6 25.Qxc6+ Kxc6 26.Kh1 Bc5 27.Be5 Rd5 28.Rxd5 Kxd5
29.Rd1+ Kc4 30.Rc1+ Kd5 31.Rd1+ Kc4  1/2-1/2

[Event "Skopje ol (Men) fin-C"]
[Site "Skopje"]
[Date "1972.??.??"]
[Round "13"]
[White "Chavez, Romelio"]
[Black "Stuart, Peter"]
[Result "1/2-1/2"]
[WhiteElo "2200"]
[BlackElo "2200"]

1.e4 c5 2.Nf3 Nc6 3.d4 cxd4 4.Nxd4 e6 5.Nc3 Qc7 6.Be3 a6 7.f4 b5 8.a3 Bb7
9.Be2 d6 10.O-O Nf6 11.Bf3 Be7 12.Qd3 Rc8 13.Rae1 Na5 14.Kh1 Nc4 15.Nd1 Nd7
16.c3 Ndb6 17.Bf2 O-O 18.Bg4 Nd7 19.Bf3 Nc5 20.Qc2 Rfd8 21.Be3 Bf6 22.Bc1 Qb8
23.Nf2 Nb6 24.Qe2 Nc4 25.Qd1 Qa8 26.Qc2 Nb6 27.Qd1  1/2-1/2

[Event "Skopje ol (Men) fin-A"]
[Site "Skopje"]
[Date "1972.??.??"]
[Round "13"]
[White "Hecht, Hans Joachim"]
[Black "Garcia, Raimundo"]
[Result "1/2-1/2"]
[WhiteElo "2485"]
[BlackElo "2430"]

1.e4 c5 2.Nf3 e6 3.Nc3 Nc6 4.d4 cxd4 5.Nxd4 a6 6.g3 Nge7 7.Nb3 Na5 8.Nxa5 Qxa5
9.Bg2 Ng6 10.Qe2 d6 11.Be3 Qc7 12.f4 Bd7 13.O-O Be7 14.Bd4 Bc6 15.h4 O-O
16.h5 e5 17.hxg6 exd4 18.gxf7+ Kh8 19.Nd5 Bxd5 20.exd5 Bf6 21.Bh3 Qxf7 22.Be6 Qg6
23.Kg2 Be7 24.Rf3 Rf6 25.Rd1 Raf8 26.Rxd4 Bd8 27.Re4 Qh6 28.g4 g5 29.Rh3 Qg7
30.f5 Rh6 31.Rxh6 Qxh6 32.Bc8 Bf6 33.Bxb7 a5 34.c3 Qg7 35.Re8 Be5 36.Rxf8+ Qxf8
37.Ba6 Qh6 38.Qf2 Qh2+ 39.Kf1 Qh1+ 40.Qg1 Qf3+ 41.Ke1 Qe4+ 42.Kf1 Qb1+ 43.Kg2 Qxb2+
44.Qf2 Qxf2+  1/2-1/2

[Event "Stary Smokovec+"]
[Site "Stary Smokovec"]
[Date "1972.??.??"]
[Round "2"]
[White "Dely, Peter"]
[Black "Szabo, Janos"]
[Result "1-0"]
[WhiteElo "2480"]
[BlackElo "2450"]

1.e4 c5 2.Nf3 Nc6 3.d4 cxd4 4.Nxd4 e6 5.Nc3 Qc7 6.g3 a6 7.Bg2 Nf6 8.O-O Be7
9.Re1 d6 10.Nxc6 bxc6 11.e5 dxe5 12.Rxe5 O-O 13.Bf4 Qb7 14.Na4 Rd8 15.Qe1 Nd5
16.Bd2 Bd7 17.Ba5 Bb4 18.Bxb4 Qxb4 19.Qxb4 Nxb4 20.Rc5 Be8 21.a3 Nd5 22.c4 Ne7
23.Ra5 Rd2 24.b4 Rad8 25.Rxa6 Rc2 26.Nb6 f6 27.Bh3 Kf7 28.Ra7 f5 29.a4 Rdd2
30.a5 Kf6 31.Rxe7 Kxe7 32.a6 Rxf2 33.a7 Rxh2 34.a8=Q Rxh3 35.Ra7+ Kf8 36.Nd7+  1-0

[Event "Stary Smokovec"]
[Site "Stary Smokovec"]
[Date "1972.??.??"]
[Round "9"]
[White "Vogt, Lothar"]
[Black "Timoshchenko, Gennadi A"]
[Result "1-0"]
[WhiteElo "2390"]
[BlackElo "2380"]

1.e4 c5 2.Nf3 e6 3.d4 cxd4 4.Nxd4 Nc6 5.Nc3 Qc7 6.Be3 a6 7.Bd3 Nf6 8.O-O Ne5
9.h3 Bc5 10.Na4 Ba7 11.c4 O-O 12.Rc1 d6 13.Nc3 b6 14.b3 Nxd3 15.Qxd3 Bb7
16.Rfd1 h6 17.Nde2 Rad8 18.Ng3 Qe7 19.Qe2 Nd7 20.Bd4 Bb8 21.Rd2 Bc7 22.Rcd1 g6
23.f4 Kh7 24.Bf2 f5 25.exf5 gxf5 26.Nd5 Bxd5 27.cxd5 e5 28.Nxf5 Qf7 29.g4 exf4
30.Qe6 Nf6 31.Re2 b5 32.Bd4 Qg6 33.Nh4 Qg5 34.Bxf6 Rxf6 35.Qe7+ Qg7 36.Nf5 Bb6+
37.Kg2 Qxe7 38.Rxe7+ Kh8 39.b4 h5 40.Kf3 Be3 41.Nxe3 fxe3+ 42.Kxe3 Rdf8 43.Re6 Rf3+
44.Kd4 R8f4+ 45.Re4 Rxe4+ 46.Kxe4 Rxh3 47.gxh5 Rxh5 48.Rc1 Rh4+ 49.Kf5 Rxb4
50.Ke6 Kg7 51.Kxd6 Rc4 52.Rd1 Rc2 53.Ke7 Re2+ 54.Kd8 Rxa2 55.d6 Rc2 56.d7 Kf7
57.Rf1+ Kg6 58.Ra1 b4 59.Rxa6+ Kf5 60.Rb6 Rc4 61.Ke7 Re4+ 62.Kd6 Rd4+ 63.Kc7  1-0

[Event "Teeside"]
[Site "Teeside"]
[Date "1972.??.??"]
[Round "1"]
[White "Tringov, Georgi P"]
[Black "Gheorghiu, Florin"]
[Result "0-1"]
[WhiteElo "2490"]
[BlackElo "2530"]

1.e4 c5 2.Nf3 e6 3.d4 cxd4 4.Nxd4 Nc6 5.Nc3 Qc7 6.Be3 a6 7.Nb3 Nf6 8.f4 d6
9.Bd3 b5 10.O-O Be7 11.Qf3 Bb7 12.Rae1 Nb4 13.a3 Nxd3 14.cxd3 Rc8 15.Rc1 Qd7
16.Qg3 g6 17.Nd4 Nh5 18.Qh3 f5 19.Rce1 O-O 20.g4 Ng7 21.gxf5 exf5 22.Nd5 Rce8
23.Bd2 Bd8 24.Bc3 Qf7 25.Ne3 Bb6 26.exf5 Rxe3 27.Rxe3 Qd5 28.fxg6 hxg6 29.Nc2 Qxd3
30.Rf2 Qd1+ 31.Ne1 Bxe3 32.Qxe3 Re8 33.Qd2 Qg4+ 34.Ng2 Nf5 35.h3 Qg3 36.Qc2 Bd5
37.Qd2 Bb7 38.Re2 Rxe2 39.Qxe2 Ne3  0-1

[Event "CAN-ch"]
[Site "Toronto"]
[Date "1972.??.??"]
[Round "6"]
[White "Kuprejanov, George"]
[Black "Piasetski, Leon David"]
[Result "1-0"]
[WhiteElo "2365"]
[BlackElo "2275"]

1.e4 c5 2.Nf3 e6 3.d4 cxd4 4.Nxd4 Nc6 5.Nc3 a6 6.Be2 d6 7.O-O Nf6 8.Be3 Bd7
9.f4 Be7 10.Qe1 b5 11.e5 dxe5 12.Nxc6 Bxc6 13.fxe5 Nd7 14.Qg3 g6 15.Bh6 Qc7
16.Rad1 b4 17.Nb1 Bf8 18.Bxf8 Kxf8 19.Rd6 Kg7 20.Nd2 Rhf8 21.Qf4 a5 22.h4 Rad8
23.h5 h6 24.Bd3 g5 25.Qd4 Bd5 26.Ne4 Bxe4 27.Qxe4 Rh8 28.Rxe6 Nf8 29.Ref6 Rh7
30.Rxf7+ Qxf7 31.Rxf7+ Kxf7 32.e6+ Kf6 33.Qf3+ Kxe6 34.Bxh7 Nxh7 35.Qe4+  1-0

[Event "CAN-ch"]
[Site "Toronto"]
[Date "1972.??.??"]
[Round "7"]
[White "Zuk, Robert D"]
[Black "Vranesic, Zvonko"]
[Result "1/2-1/2"]
[WhiteElo "2260"]
[BlackElo "2425"]

1.e4 c5 2.Nf3 e6 3.d4 cxd4 4.Nxd4 Nc6 5.Nc3 Qc7 6.g3 a6 7.Bg2 Nf6 8.O-O d6
9.Re1 Bd7 10.Nxc6 bxc6 11.Na4 Rd8 12.c4 c5 13.Nc3 Be7 14.Bf4 Bc6 15.Qe2 O-O
16.Rad1 Rfe8 17.Rd2 Nd7 18.Red1 Ne5 19.Be3 Ba8 20.f4 Nc6 21.g4 Bf6 22.Qf2 Na5
23.Qe2 g6 24.g5 Bg7 25.Rc1 Nc6 26.Qf2 Nd4 27.Ne2 Nxe2+ 28.Qxe2 Rb8 29.Rcd1 Rb6
30.Qf2 Bf8 31.Rd3 Bc6 32.Bc1 Ba8 33.b3 Bg7 34.e5 Bxg2 35.exd6 Rxd6 36.Rxd6 Ba8
37.Rxa6 Bd4 38.Be3 Bxe3 39.Qxe3 Qb7 40.Rxa8 Qxa8 41.Rd2 Qa5 42.Kf2 h5 43.Ke2 Qc7
44.Qe4 Kh7 45.a4 Rb8 46.Rd3 Rb6 47.Kd2 Rd6 48.Rxd6 Qxd6+ 49.Kc2 Qc7 50.Qe3 Kg8
51.Qd2 Kf8 52.b4 cxb4 53.Qxb4+ Kg8 54.c5 e5 55.Qb6 Qd7 56.Qb8+ Kh7 57.Qxe5 Qxa4+
58.Kd3 Qb3+ 59.Kd4 Qb2+ 60.Kd5 Qxh2 61.c6 Qd2+ 62.Kc4 Qc2+ 63.Kb5 h4 64.c7 h3
65.f5 h2 66.fxg6+ Kxg6 67.Qf6+ Kh5 68.Qxf7+ Kxg5 69.Qg8+ Kf4 70.Qf7+ Kg3
71.Qg7+ Kf2 72.Qf6+ Kg2  1/2-1/2

[Event "CAN-ch"]
[Site "Toronto"]
[Date "1972.??.??"]
[Round "9"]
[White "Piasetski, Leon David"]
[Black "Vranesic, Zvonko"]
[Result "1/2-1/2"]
[WhiteElo "2275"]
[BlackElo "2425"]

1.e4 c5 2.Nf3 e6 3.d4 cxd4 4.Nxd4 Nc6 5.Nc3 Qc7 6.Be2 a6 7.O-O Nf6 8.Be3 d6
9.f4 Bd7 10.Qe1 b5 11.Nxc6 Bxc6 12.Bf3 b4 13.Ne2 Nxe4 14.Qxb4 d5 15.Qe1 Be7
16.Nd4 Bb7 17.Rc1 Nd6 18.b3 Rc8 19.c3 O-O 20.Kh1 Bf6 21.Rc2 Rfe8 22.Qf2 e5
23.fxe5 Bxe5 24.h3 f5 25.Qd2 g6 26.Bf4 Ne4 27.Bxe4 dxe4 28.Qe3 Rcd8 29.Rd2 Rd7
30.g3 Qc5 31.Kh2 Rc8 32.Bxe5 Qxe5 33.Rfd1 Qc5 34.Rc1 Qe5 35.Rcd1 Rcd8 36.c4 Kh8
37.h4 Qc5 38.Qc3 Qe5 39.Qe3 a5 40.Kg1 Kg7  1/2-1/2

[Event "CAN-ch"]
[Site "Toronto"]
[Date "1972.??.??"]
[Round "12"]
[White "Zuk, Robert D"]
[Black "Amos, Bruce M"]
[Result "1-0"]
[WhiteElo "2260"]
[BlackElo "2415"]

1.e4 c5 2.Nf3 e6 3.d4 cxd4 4.Nxd4 Nc6 5.Nc3 a6 6.g3 Nge7 7.Bg2 Nxd4 8.Qxd4 Nc6
9.Qd1 Bc5 10.O-O O-O 11.Kh1 d6 12.f4 Rb8 13.g4 Qc7 14.g5 b5 15.f5 Ne5 16.f6 Bb7
17.Qh5 Rfd8 18.Bf4 Ng6 19.Rad1 b4 20.Ne2 Bb6 21.Rd3 Qxc2 22.Rh3 h6 23.fxg7 Bxe4
24.gxh6 Bxg2+ 25.Kxg2 Qe4+ 26.Kg3 Kh7 27.Qf3 Qxf3+ 28.Kxf3 f6 29.Bd2 a5 30.Kg2 f5
31.Bg5 Rdc8 32.Rc1 Rxc1 33.Nxc1 Bd8 34.Bd2 Bf6 35.Nd3 Rc8 36.Rg3 e5 37.Kf1 Ne7
38.Ne1 Bh4 39.Rd3 Bxe1 40.Kxe1 Rc6 41.Bg5 Nc8 42.Rg3 Rc4 43.h3 f4 44.Rg4 Re4+
45.Kf2  1-0

[Event "CSR-ch"]
[Site "Trinec"]
[Date "1972.??.??"]
[Round "11"]
[White "Plachetka, Jan"]
[Black "Jansa, Vlastimil"]
[Result "1/2-1/2"]
[WhiteElo "2370"]
[BlackElo "2450"]

1.e4 c5 2.Nf3 e6 3.d4 cxd4 4.Nxd4 Nc6 5.Nc3 a6 6.g3 d6 7.Bg2 Bd7 8.O-O Nf6
9.Nce2 Be7 10.c4 O-O 11.b3 b5 12.cxb5 Nxd4 13.Nxd4 axb5 14.Bb2 Rc8 15.Qd2 Qb6
16.a3 g6 17.Rfd1 e5 18.Ne2 Be6 19.b4 Rc4 20.Nc3 Rfc8 21.Rac1 Bg4 22.Re1 Bd7
23.Bf1 R4c7  1/2-1/2

[Event "CSR-ch"]
[Site "Trinec"]
[Date "1972.??.??"]
[Round "12"]
[White "Fichtl, Jiri"]
[Black "Jansa, Vlastimil"]
[Result "1/2-1/2"]
[WhiteElo "2385"]
[BlackElo "2450"]

1.e4 c5 2.Nf3 e6 3.d4 cxd4 4.Nxd4 Nc6 5.Nc3 a6 6.Be2 Qc7 7.f4 d6 8.Be3 Nf6
9.O-O Bd7 10.Nb3 b5 11.a3 Be7 12.Bf3 O-O 13.Qd2 Rab8 14.g4 Rfc8 15.g5 Ne8
16.h4 b4 17.axb4 Nxb4 18.Qg2 Bd8 19.h5 Qb7 20.Na5 Bxa5 21.Rxa5 Rc4 22.g6 hxg6
23.hxg6 fxg6 24.Rg5 Qc7 25.Rxg6 Rxc3 26.Bd4 Bb5 27.Bxc3 Bxf1 28.Kxf1 Na2
29.Bg4 Nxc3 30.Bxe6+ Kf8 31.Qh3 d5 32.Qf5+ Ke7 33.Bxd5 Nxd5 34.Re6+ Kd8 35.Qxd5+ Qd7
36.Rxe8+ Kxe8 37.Qg8+ Ke7 38.Qxb8 Qd1+ 39.Kf2 Qxc2+ 40.Ke3 Qc1+ 41.Kd3 Qd1+
42.Kc4 Qc2+ 43.Kd5 Qd2+  1/2-1/2

[Event "CSR-ch"]
[Site "Trinec"]
[Date "1972.??.??"]
[Round "16"]
[White "Franzen, Josef"]
[Black "Jansa, Vlastimil"]
[Result "0-1"]
[WhiteElo "2330"]
[BlackElo "2450"]

1.e4 c5 2.Nf3 e6 3.d4 cxd4 4.Nxd4 Nc6 5.Nc3 a6 6.g3 Nge7 7.Bg2 Nxd4 8.Qxd4 Nc6
9.Qd1 Be7 10.O-O O-O 11.Be3 Qc7 12.Na4 b5 13.Nb6 Rb8 14.Nxc8 Rfxc8 15.Bf4 d6
16.h4 Ne5 17.c3 h6 18.Re1 Bf6 19.Bf1 Qc6 20.Bg2 Bd8 21.Bxe5 dxe5 22.Qe2 b4
23.Rac1 bxc3 24.bxc3 a5 25.Red1 Be7 26.Rd3 a4 27.Kh2 a3 28.c4 Bc5 29.Bf3 Rb2
30.Rd2 Qb6 31.Kg2 Bd4 32.Rdc2 Qc5 33.Rd2 g6 34.Rdc2 Kg7 35.Rd2 Qb4 36.Rdc2 Qc5
37.Qf1 Qb4 38.Qe2 Bb6 39.Qf1 Bc5 40.Qd3 Qb6 41.Qe2 Rd8 42.Bg4 Qb4 43.Rd1 Rxc2
44.Qxc2 Qb2 45.Qxb2 axb2 46.Rb1 Rd2 47.Bd1 Rxf2+ 48.Kh3 f5 49.exf5 exf5 50.a4 e4  0-1

[Event "JUG-ch"]
[Site "Umag"]
[Date "1972.??.??"]
[Round "1"]
[White "Matanovic, Aleksandar"]
[Black "Janosevic, Dragoljub"]
[Result "1/2-1/2"]
[WhiteElo "2515"]
[BlackElo "2430"]

1.e4 c5 2.Nf3 Nc6 3.d4 cxd4 4.Nxd4 e6 5.Nc3 Qc7 6.Be2 a6 7.O-O Nf6 8.Kh1 Be7
9.f4 d5 10.e5 Nxd4 11.Qxd4 Nd7 12.Qf2 O-O 13.Bd3 f5 14.exf6 Nxf6 15.Bd2 Bd7
16.Rae1 Rae8 17.Qf3 Bd6  1/2-1/2

[Event "JUG-ch"]
[Site "Umag"]
[Date "1972.??.??"]
[Round "2"]
[White "Parma, Bruno"]
[Black "Sofrevski, Jovan"]
[Result "1/2-1/2"]
[WhiteElo "2510"]
[BlackElo "2440"]

1.e4 c5 2.Nf3 Nc6 3.d4 cxd4 4.Nxd4 e6 5.Nc3 Qc7 6.Be3 a6 7.Nb3 Nf6 8.f4 d6
9.Bd3 Be7 10.O-O b5 11.Qf3 Bb7 12.a4 b4 13.Nb1 Na5 14.Nxa5 Qxa5 15.Nd2 Qc7
16.Bd4 O-O 17.Kh1 Nd7 18.Qg3  1/2-1/2

[Event "JUG-ch"]
[Site "Umag"]
[Date "1972.??.??"]
[Round "6"]
[White "Minic, Dragoljub"]
[Black "Sofrevski, Jovan"]
[Result "1/2-1/2"]
[WhiteElo "2460"]
[BlackElo "2440"]

1.e4 c5 2.Nf3 Nc6 3.d4 cxd4 4.Nxd4 e6 5.Nc3 Qc7 6.Be3 Nf6 7.f4 d6 8.Bd3 a6
9.Qe2 Be7 10.Nb3 b5 11.g4 Nd7 12.g5 Bb7 13.a4 b4 14.Nb1 Na5 15.N1d2 Nxb3
16.Nxb3 d5 17.exd5 Bxd5 18.Rf1  1/2-1/2

[Event "JUG-ch"]
[Site "Umag"]
[Date "1972.??.??"]
[Round "8"]
[White "Komljenovic, Davor"]
[Black "Sofrevski, Jovan"]
[Result "0-1"]
[WhiteElo "2200"]
[BlackElo "2440"]

1.e4 c5 2.Nf3 Nc6 3.d4 cxd4 4.Nxd4 e6 5.Nc3 Qc7 6.Be2 a6 7.f4 d6 8.O-O Nf6
9.Be3 Bd7 10.Bf3 Be7 11.Qe2 O-O 12.Kh1 Nxd4 13.Bxd4 e5 14.Be3 Be6 15.Rfd1 Bc4
16.Qd2 exf4 17.Bxf4 Rad8 18.Rac1 Rfe8 19.b3 Be6 20.Ne2 Ng4 21.Nd4 Bc8 22.c4 Ne5
23.a4 Bf6 24.a5 h6 25.Rc2 Qe7 26.Nf5 Bxf5 27.exf5 Nxf3 28.gxf3 Be5 29.Bxh6 Qf6
30.Bg5 Qxf5 31.Bxd8 Qxf3+ 32.Kg1 Bf4 33.Rc3 Qg4+ 34.Rg3 Bxg3 35.hxg3 Qxg3+
36.Qg2 Qxg2+ 37.Kxg2 Rxd8 38.Kf3 Kf8 39.Ke4 Ke7 40.Kd5 Rh8  0-1

[Event "JUG-ch"]
[Site "Umag"]
[Date "1972.??.??"]
[Round "11"]
[White "Parma, Bruno"]
[Black "Janosevic, Dragoljub"]
[Result "1/2-1/2"]
[WhiteElo "2510"]
[BlackElo "2430"]

1.e4 c5 2.Nf3 Nc6 3.d4 cxd4 4.Nxd4 e6 5.Nc3 Qc7 6.Be2 a6 7.O-O Nf6 8.Kh1 Be7
9.f4 d6 10.Be3 Bd7 11.Qe1 b5 12.a3 O-O 13.Qg3 Nxd4 14.Bxd4 Bc6 15.Rae1 Qb7
16.Bd3 g6 17.Bxf6 Bxf6 18.e5 Bg7  1/2-1/2

[Event "JUG-ch"]
[Site "Umag"]
[Date "1972.??.??"]
[Round "15"]
[White "Minic, Dragoljub"]
[Black "Janosevic, Dragoljub"]
[Result "0-1"]
[WhiteElo "2460"]
[BlackElo "2430"]

1.e4 c5 2.Nf3 Nc6 3.d4 cxd4 4.Nxd4 e6 5.Nc3 Qc7 6.Be3 a6 7.Nb3 Nf6 8.Bd3 Bd6
9.g3 Be7 10.f4 d6 11.g4 b5 12.Qe2 Bb7 13.g5 Nd7 14.O-O-O Nc5 15.Kb1 Nb4 16.Rhf1 Rc8
17.f5 Nbxd3 18.cxd3 b4 19.Nd5 exd5 20.f6 Nxb3 21.axb3 dxe4 22.fxe7 Qxe7 23.Bd4 O-O
24.Rde1 Bd5 25.dxe4 Bxb3 26.Rc1 Qe6 27.Qf3 Rc4  0-1

[Event "JUG-ch"]
[Site "Umag"]
[Date "1972.??.??"]
[Round "16"]
[White "Kurajica, Bojan"]
[Black "Janosevic, Dragoljub"]
[Result "1/2-1/2"]
[WhiteElo "2455"]
[BlackElo "2430"]

1.e4 c5 2.Nf3 Nc6 3.d4 cxd4 4.Nxd4 e6 5.Nc3 Qc7 6.g3 a6 7.Bg2 d6 8.O-O Bd7
9.Re1 Be7 10.Nxc6 Bxc6 11.Qg4 Kf8 12.a4 h5 13.Qe2 h4 14.Be3 Nf6 15.Rad1 b6
16.Bf4 e5 17.Bg5 hxg3 18.hxg3 Bb7 19.Qd3 Nd7 20.Nd5 Bxd5 21.Qxd5 Rc8 22.Be3 Nc5
23.Bf1 a5 24.Bc4 Ne6 25.Ba6 Rd8 26.Rd3 Bg5 27.Rc3 Qa7 28.Bxg5 Nxg5 29.Qb7 Qxb7
30.Bxb7 Ne6 31.Bd5 Nc5 32.Rc4 Rb8 33.b4 axb4 34.Rxb4 Na6 35.Rc4 Ke7 36.Rb1 Nc5
37.Rcb4 Nd7 38.Kg2 Rhc8 39.c4 Rc5 40.Rb5 Rbc8 41.R1b4 R8c7 42.Rb1 Ra7 43.R5b4 Rcc7
44.Rh1 Ra6 45.Rh7 Kf6 46.Rh8 Nc5 47.Rg8 g6 48.Rd8 Ke7 49.Rh8 Ne6 50.Rb1 Rxa4
51.Rxb6 Nc5 52.Rb1 Nd7 53.Rh7  1/2-1/2

[Event "JUG-ch"]
[Site "Umag"]
[Date "1972.??.??"]
[Round "18"]
[White "Matanovic, Aleksandar"]
[Black "Cvetkovic, Srdjan"]
[Result "1/2-1/2"]
[WhiteElo "2515"]
[BlackElo "2460"]

1.e4 c5 2.Nf3 e6 3.d4 cxd4 4.Nxd4 Nc6 5.Nc3 Qc7 6.Be2 a6 7.O-O Nf6 8.Kh1 d6
9.f4 Be7 10.Be3 Bd7 11.Qe1 b5 12.a3 O-O 13.Qg3 Rab8 14.Rad1 b4 15.axb4 Rxb4
16.e5 Ne8  1/2-1/2

[Event "Hoogovens-B"]
[Site "Wijk aan Zee"]
[Date "1972.??.??"]
[Round "?"]
[White "Cafferty, Bernard"]
[Black "Ribli, Zoltan"]
[Result "1/2-1/2"]
[WhiteElo "2370"]
[BlackElo "2505"]

1.e4 c5 2.Nf3 e6 3.d4 cxd4 4.Nxd4 Nc6 5.Nc3 Qc7 6.g3 a6 7.Bg2 Nf6 8.O-O Be7
9.Re1 d6 10.b3 O-O 11.Bb2 Bd7 12.Rc1 Rfd8 13.Nce2 e5 14.Nxc6 Bxc6 15.Nc3 b5
16.Nd5 Nxd5 17.exd5 Be8 18.Qd2  1/2-1/2

[Event "Hoogovens-B"]
[Site "Wijk aan Zee"]
[Date "1972.??.??"]
[Round "?"]
[White "Lehmann, Heinz Dr"]
[Black "Schmidt, Wlodzimierz"]
[Result "1/2-1/2"]
[WhiteElo "2395"]
[BlackElo "2450"]

1.e4 c5 2.Nf3 e6 3.d4 cxd4 4.Nxd4 Nc6 5.Nc3 Qc7 6.g3 a6 7.Bg2 Nf6 8.O-O Be7
9.Re1 O-O 10.Nxc6 dxc6 11.e5 Rd8 12.Qe2 Nd5 13.Bd2 b5 14.a3 Bb7 15.Nxd5 cxd5
16.Bb4 Bxb4 17.axb4 Rac8 18.c3 d4  1/2-1/2

[Event "Hoogovens-B"]
[Site "Wijk aan Zee"]
[Date "1972.??.??"]
[Round "?"]
[White "Medina Garcia, Antonio Angel"]
[Black "Krnic, Zdenko"]
[Result "1-0"]
[WhiteElo "2380"]
[BlackElo "2400"]

1.e4 c5 2.Nf3 Nc6 3.d4 cxd4 4.Nxd4 e6 5.Nc3 a6 6.g3 Nxd4 7.Qxd4 Ne7 8.Bg2 Nc6
9.Qd3 Be7 10.O-O O-O 11.Bf4 d6 12.Rad1 Ne5 13.Qe2 Qc7 14.Bc1 b5 15.f4 Nc6
16.a3 Bb7 17.g4 Rfd8 18.g5 Bf8 19.Rd3 b4 20.axb4 Nxb4 21.Rh3 g6 22.Qf2 Qe7
23.Be3 Rd7 24.f5 exf5 25.exf5 Bxg2 26.Qxg2 d5 27.Bd4 Nc6 28.fxg6 Nxd4 29.gxf7+ Kg7
30.Qg4 Ne2+ 31.Nxe2 Qe4 32.Rxh7+ Qxh7 33.Qd4+ Kg6 34.Rf6+  1-0

[Event "Hoogovens-B"]
[Site "Wijk aan Zee"]
[Date "1972.??.??"]
[Round "?"]
[White "Scholl, Eduard C"]
[Black "Krnic, Zdenko"]
[Result "1/2-1/2"]
[WhiteElo "2400"]
[BlackElo "2400"]

1.e4 c5 2.Nf3 Nc6 3.d4 cxd4 4.Nxd4 e6 5.Nc3 a6 6.Be2 Qc7 7.f4 b5 8.Nxc6 Qxc6
9.Bf3 Bb7 10.Be3 Rc8 11.e5 Qc7 12.O-O Nh6 13.Bf2 Be7 14.Ne4 O-O 15.c3 Rfd8
16.Qe2 d6 17.exd6 Bxd6 18.a4 Bxf4 19.g3 Bxe4 20.Bxe4 Rd2 21.Qe1 Bg5 22.h4 Rxf2
23.Qxf2 Ng4 24.Qf3 Be3+ 25.Kh1 f5 26.Bc2 g6 27.axb5 Rd8 28.Rad1 axb5 29.Rxd8+ Qxd8
30.Bd1 g5 31.Bb3 Qd2 32.Bxe6+ Kg7 33.Qb7+ Kh6 34.hxg5+ Bxg5 35.Qg2 Qxg2+
36.Kxg2 Ne3+ 37.Kg1 Nxf1 38.Kxf1  1/2-1/2

[Event "IBM-B"]
[Site "Amsterdam"]
[Date "1973.??.??"]
[Round "2"]
[White "Romanishin, Oleg M"]
[Black "Hartoch, Robert G"]
[Result "1/2-1/2"]
[WhiteElo "2445"]
[BlackElo "2380"]

1.e4 c5 2.Nf3 e6 3.d4 cxd4 4.Nxd4 Nc6 5.Nc3 a6 6.g3 Nge7 7.Nb3 d6 8.Bg2 Bd7
9.O-O Nc8 10.f4 Be7 11.Be3 O-O 12.Qe2 b5 13.a4 b4 14.Nd1 Qc7 15.Nf2 a5 16.Nd4 Nxd4
17.Bxd4 e5 18.Be3 Nb6 19.b3 exf4 20.Bxf4 Bf6 21.Rad1 Be5 22.Nd3 Be6 23.Be3 Nd7
24.Nf4 Nf6 25.Nxe6 fxe6 26.Rf2  1/2-1/2